000 00660nam a2200241Ia 4500
003 OSt
005 20220924114601.0
006 a|||||r|||| 00| 0
007 ta
008 220923b |||||||| |||| 00| 0 hin d
024 _a13124
037 _cTextual
040 _aARTS
_cARTS
_bhin
041 _2hin
_ahin
082 _a/\2:3, 152M6 (P15)
100 _aKhandelwal Shyam Dev
_9174368
245 0 _aYoga and sadhana
260 _aBharatpur
_bBharti Pustak Mandir
_c1986
300 _a240p.
_ccm.
650 _aSPIRurdALISM
_9174369
942 _h/\2:3, 152M6 (P15)
_cTEXL
_2CC
999 _c394306
_d394306